000 00880nmm a2200277 a 4500
001 ocm000601638
003 TR-IsHL
005 20201028134011.0
008 131121s2001 tu tur
007 cr cn
020 _a9789756755358
035 _a601638
_b(N$T)
050 0 4 _aD520.T8
_bD86 2001
090 0 4 _aD520.T8
_bD86 2001
245 1 0 _aI. Dünya Savaşı'nda Türkiye
_h[electronic resource] /
_chaz. Mehmet Okur, Selçuk Ural
260 _aErzurum :
_bAktif Yayınevi,
_c2001
300 _a134 p.
650 4 _aTarih
650 4 _aHistory
650 0 _aDünya Savaşı, 1914-1918
_x Türkiye
650 0 _aWorld War, 1914-1918
_x Turkey
650 7 _aHISTORY / Military / World War I
_2bisacsh
700 1 _aOkur, Mehmet
700 1 _aUral, Selçuk
856 4 0 _uhttp://search.ebscohost.com/login.aspx?direct=true&scope=site&db=e011xww&AN=601638
999 _c5948
_d5948